El caso Joaquín Costa / (Record no. 150762)

MARC details
000 -LEADER
campo de control de longitud fija 00728nam a2200205 i 4500
001 - NÚMERO DE CONTROL
campo de control 150762
003 - IDENTIFICADOR DE NÚMERO DE CONTROL
campo de control ES-MaACL
005 - FECHA Y HORA DE LA ÚLTIMA TRANSACCIÓN
campo de control 20231205164445.0
007 - CAMPO FIJO DE DESCRIPCIÓN FÍSICA--INFORMACIÓN GENERAL
campo de control de longitud fija t|
008 - DATOS DE LONGITUD FIJA--INFORMACIÓN GENERAL
campo de control de longitud fija 071108s1946 sp ||||1| spa d
100 1# - ENTRADA PRINCIPAL--NOMBRE DE PERSONA
Nombre de persona Fernández Almagro, Melchor,
Fechas asociadas al nombre 1893-1966
9 (RLIN) 49447
245 13 - MENCIÓN DEL TÍTULO
Título El caso Joaquín Costa /
Mención de responsabilidad, etc. M. Fernández Almagro.
260 ## - PUBLICACIÓN, DISTRIBUCIÓN, ETC.
Lugar de publicación, distribución, etc. Madrid :
Nombre del editor, distribuidor, etc. Centro de Estudios Políticos y Constitucionales,
Fecha de publicación, distribución, etc. [1946]
300 ## - DESCRIPCIÓN FÍSICA
Extensión 6 h. ;
Dimensiones 24 cm.
595 ## -
-- Separata de: Revista de estudios políticos, 1946, n. 29-30, p. 117-127.
600 14 - PUNTO DE ACCESO ADICIONAL DE MATERIA--NOMBRE DE PERSONA
Nombre de persona Costa, Joaquín,
Fechas asociadas al nombre 1846-1911
9 (RLIN) 41054
710 2# - ENTRADA AGREGADA--NOMBRE DE ENTIDAD CORPORATIVA
Nombre de entidad corporativa o nombre de jurisdicción como elemento de entrada Centro de Estudios Políticos y Constitucionales (España)
9 (RLIN) 2666
852 ## - LOCALIZACIÓN
Ubicación ES-MaACL
Número de control de estantería 1864-F-8
Holdings
Estatus retirado Estado de pérdida Estado de daño No para préstamo Colección Biblioteca de origen Biblioteca actual Ubicación en estantería Fecha de adquisición Fuente de adquisición Total de préstamos Signatura topográfica completa Código de barras Visto por última vez Precio de reemplazo Tipo de ítem Koha
        Colección de folletos Biblioteca del Ateneo de Madrid Biblioteca del Ateneo de Madrid Depósito folletos 17/01/2008     1864-F-8 1157311 23/02/2023 23/02/2023 Folleto